Word Ladder: World Builder Quiz Stats

 Plays Quiz Updated Jul 25, 2016

Challenge
Share
Tweet
Embed
Score 0/15 Timer 03:00
2 Plays Today
Hint 5-letter Word % Correct
Bart Simpson's motherMARGE
97.2%
Explorer PoloMARCO
96.7%
★ Videogame character with red hat ★★MARIO★
96.2%
Nobel Laureate _____ CurieMARIE
95.9%
Police officer rank (informal)SARGE
93.5%
Burst of current or voltageSURGE
92.3%
Stallions' significant othersMARES
91.7%
Haste _____ wasteMAKES
91.2%
Hint 5-letter Word % Correct
Anthony and Summers, e.g.MARCS
89.2%
Clear allPURGE
88%
Dish with blended foodPURÉE
85.3%
More certainSURER
85%
Less contaminatedPURER
83.9%
★ Creator ★★MAKER★
83.9%
★ Great ★★SUPER★
80.3%

Today's Daily Dose

You're not logged in!

Compare scores with friends on all Sporcle quizzes.
Join for Free
OR
Log In

You Might Also Like...

Show Comments

Extras

Top Quizzes Today


Score Distribution

Your Account Isn't Verified!

In order to create a playlist on Sporcle, you need to verify the email address you used during registration. Go to your Sporcle Settings to finish the process.

Report this User

Report this user for behavior that violates our Community Guidelines.

Details: